Welcome to CU Library Online Public Access Catalogue (OPAC)

MLA handbook for writers of research papers / (Record no. 2127)

MARC details
000 -LEADER
fixed length control field 00760pam a2200229 a 4500
001 - CONTROL NUMBER
control field 1019379
005 - DATE AND TIME OF LATEST TRANSACTION
control field 20241212163219.0
008 - FIXED-LENGTH DATA ELEMENTS--GENERAL INFORMATION
fixed length control field 880222s1988 nyua bf 001 0 eng
020 ## - INTERNATIONAL STANDARD BOOK NUMBER
International Standard Book Number 0873523792 (pbk.)
050 00 - LIBRARY OF CONGRESS CALL NUMBER
Classification number LB2369
Item number .G53 1988
082 00 - DEWEY DECIMAL CLASSIFICATION NUMBER
Classification number 808/.02
Edition information 19
100 1# - MAIN ENTRY--PERSONAL NAME
Personal name Gibaldi, Joseph,
Dates associated with a name 1942-
245 10 - TITLE STATEMENT
Title MLA handbook for writers of research papers /
Statement of responsibility, etc. Joseph Gibaldi, Walter S. Achtert.
250 ## - EDITION STATEMENT
Edition statement 3rd ed.
260 ## - PUBLICATION, DISTRIBUTION, ETC.
Place of publication, distribution, etc. New York :
Name of publisher, distributor, etc. Modern Language Association of America,
Date of publication, distribution, etc. 1988.
300 ## - PHYSICAL DESCRIPTION
Extent vii, 248 p. :
Other physical details ill. ;
Dimensions 22 cm.
650 #0 - SUBJECT ADDED ENTRY--TOPICAL TERM
Topical term or geographic name entry element Report writing
General subdivision Handbooks, manuals, etc.
650 #0 - SUBJECT ADDED ENTRY--TOPICAL TERM
Topical term or geographic name entry element Research
General subdivision Handbooks, manuals, etc.
700 1# - ADDED ENTRY--PERSONAL NAME
Personal name Achtert, Walter S.
710 2# - ADDED ENTRY--CORPORATE NAME
Corporate name or jurisdiction name as entry element Modern Language Association of America.
942 ## - ADDED ENTRY ELEMENTS (KOHA)
Source of classification or shelving scheme Library of Congress Classification
Koha item type Books
Suppress in OPAC No
999 ## -
-- 2127
-- 2127
Holdings
Withdrawn status Lost status Source of classification or shelving scheme Damaged status Not for loan Collection Home library Current library Shelving location Date acquired Total checkouts Full call number Barcode Date last seen Copy number Price effective from Koha item type
    Library of Congress Classification     Non-fiction Undergraduate Library (Christ Temple) Undergraduate Library (Christ Temple) General stacks 12/12/2024   LB2369 GIB ulct00000612 12/12/2024 1 12/12/2024 Books
    Library of Congress Classification     Non-fiction Undergraduate Library (Christ Temple) Undergraduate Library (Christ Temple) General stacks 12/13/2024   LB2369 GIB ulct00000623 12/13/2024 1 12/13/2024 Books
© 2023-2024 Copyright: Central University Libraries. All Rights Reserved | Created by: Mahone Tech Office